000 00747nam a2200265Ia 4500
005 20260121170606.0
008 008 260114s9999 xx 000 0 eng d
020 _a9783319917610
037 _aEBOOK
040 _aCRL
040 _beng
040 _cCRL
041 _2eng
041 _aeng
084 _qCRL
100 _aSilvio Giancola, Matteo Valenti, Remo Sala
_91065767
245 2 _aA Survey on 3D Cameras: Metrological Comparison of Time-of-Flight, Structured-Light and Active Stereoscopy Technologies
260 _bSpringer
260 _bSpringer
260 _c2018
856 _uhttps://link.springer.com/openurl?genre=book&isbn=978-3-319-91761-0
942 _cEBOOK
999 _c1631497
_d1631497